[Event "3rd Sharjah Masters 2019"]
[Site "Sharjah"]
[Date "2019.03.29"]
[Round "8.32"]
[White "Kunal, M.."]
[Black "Zou, Chen"]
[Result "1/2-1/2"]
[WhiteElo "2258"]
[BlackElo "2397"]
[Annotator "TA"]
[PlyCount "140"]
[EventDate "2019.03.22"]
[EventType "swiss"]
[EventCountry "UAE"]
[SourceTitle "playchess.com"]
[Source "ChessBase"]
[SourceQuality "1"]

{[%evp 16,140,14,9,6,6,6,10,12,14,21,18,18,14,28,41,37,24,24,24,31,24,19,13,41,29,18,18,22,22,12,22,31,20,24,0,0,0,0,-89,-89,-120,-80,-52,-63,-55,-38,-31,0,-2,-1,-16,-10,-135,-144,-134,-139,-143,-130,-130,-130,-114,-91,-91,-91,-92,-93,-85,-73,-166,-168,-158,-158,-234,-216,-196,-81,-464,-447,-460,-465,-458,-457,-457,-450,-457,-429,-406,-377,-368,-322,-237,0,0,0,0,0,0,0,0,0,0,0,0,0,0,0,0,0,0,0,0,0,0,0,0,0,0,0,0,0,0,0,0,0,0,0]} 1. e4 c5 2. Nf3 d6 3. d4 cxd4 4. Nxd4 Nf6 5. Nc3 a6 6. Be2 e5 7. Nb3 Be7 8. O-O O-O 9. Re1 Be6 {B92: Sicilian Najdorf: 6 Be2} 10. Be3 Nbd7 11. a4 Rc8 12. Bf3 Qc7 (12... h6 13. a5 Nh7 14. g3 Ng5 15. Bg2 Nh7 16. Nd5 Bxd5 17. Qxd5 {1-0 (45) Rublevsky,S (2652)-Kobalia,M (2620) Tula 2019}) 13. a5 Rfe8 14. Nd2 h6 15. Nf1 Nf8 16. Re2 N8h7 17. Rd2 Ng5 $146 18. Bxg5 hxg5 19. Ne3 Qc5 20. Ra4 Bd8 21. Qa1 g6 22. h3 Kg7 23. Bg4 Nxg4 24. hxg4 Rh8 25. Qa3 Bd7 26. Qxc5 Rxc5 27. Rb4 (27. Ra3 $11) 27... Bc6 $1 $17 ({Reject} 27... Rxa5 $6 28. Rxb7 Bc6 29. Rb3 $11) 28. Nc4 Bxa5 29. Nxa5 Rxa5 30. f3 Ra1+ 31. Kf2 b5 32. Rxd6 Rc8 {And now ...a5 would win.} 33. Rb3 a5 {White should prevent ...Be8.} 34. Nxb5 (34. Rd1 $11 {keeps the balance.} Rxd1 35. Nxd1) 34... Bxb5 35. Rxb5 Rxc2+ $11 {[%mdl 4096] Endgame KRR-KRR} 36. Ke3 Re1+ $1 ({Don't play} 36... Rxg2 $6 37. Rd2 $11) 37. Kd3 Rxg2 38. Kc4 Re3 39. Rd3 Rc2+ 40. Rc3 Rcxc3+ 41. bxc3 Rxf3 42. Rxa5 $17 {KR-KR} (42. Rxe5 $17 {was necessary.} Rf4 43. Rxg5) 42... Rg3 $1 $19 43. Rxe5 Rxg4 44. Kd4 {[#]} (44. Kd3 $17) 44... f5 $1 45. c4 {[#]} f4 (45... Rf4 $1 $19 {and Black stays clearly on top. ...g4 is the strong threat.} 46. Kd3 Kf6) 46. c5 $2 {[%mdl 8192]} (46. Re7+ $17 {nothing else works.} Kf6 47. Ra7) 46... Rg1 {aiming for ...Rd1+.} 47. Rd5 g4 48. c6 {Hoping for Rc5.} g3 {Threatens to win with ...g2.} 49. c7 Rc1 50. Rc5 Rxc5 51. Kxc5 {K3P-KPP} g2 52. c8=Q g1=Q+ {KQ-KQ} 53. Kd5 {White wants to play Qc7+.} Qd1+ $2 (53... Qg5+ $19 54. Kd4 Qe7) 54. Ke5 $11 {The position is equal.} f3 55. Qc3 Kh6 {White must now prevent ...g5.} 56. Kf4 {[%cal Rc3h8]} g5+ 57. Kg3 Qg1+ 58. Kxf3 Qh1+ 59. Kf2 {Qh8+ would kill now.} Qh2+ 60. Kf1 {White wants to mate with Qh8+.} Kg6 (60... Qf4+ {is interesting.} 61. Kg2 Qxe4+ 62. Qf3 Qf4 63. Qh3+ Kg7) 61. Qf3 Kg7 62. Qf5 Qh1+ 63. Kf2 Qh4+ 64. Kg2 g4 65. Qe5+ Kf7 66. Qf5+ Ke7 67. Qe5+ Kd7 68. Qd5+ Kc7 69. Qc5+ Kd7 70. Qd5+ Ke7 {Accuracy: White = 59%, Black = 66%.} 1/2-1/2

[Event "3rd Sharjah Masters 2019"]
[Site "Sharjah"]
[Date "2019.03.29"]
[Round "8.33"]
[White "Sapaev, Maksad"]
[Black "Zaibi, Amir"]
[Result "1-0"]
[WhiteElo "2214"]
[BlackElo "2386"]
[Annotator "NA"]
[PlyCount "89"]
[EventDate "2019.03.22"]
[EventType "swiss"]
[EventCountry "UAE"]
[SourceTitle "playchess.com"]
[Source "ChessBase"]
[SourceQuality "1"]
[TimeControl "5400+30"]

1. e4 {[%emt 0:01:32]} c5 {[%emt 0:00:00]} 2. Nf3 {[%emt 0:00:06]} Nc6 {[%emt 0:00:00]} 3. d4 {[%emt 0:00:09]} cxd4 {[%emt 0:00:00]} 4. Nxd4 {[%emt 0:00:08]} Nf6 {[%emt 0:00:28]} 5. Nc3 {[%emt 0:00:04]} e6 {[%emt 0:00:11]} 6. Ndb5 {[%emt 0:01:53]} Bb4 {[%emt 0:00:13]} 7. a3 {[%emt 0:00:47]} Bxc3+ {[%emt 0:00:06]} 8. Nxc3 {[%emt 0:00:04]} d5 {[%emt 0:00:09]} 9. exd5 {[%emt 0:00:39]} exd5 {[%emt 0:00:06]} 10. Bd3 {[%emt 0:00:55]} O-O {[%emt 0:00:15]} 11. O-O {[%emt 0:00:03]} d4 {[%emt 0:01:47]} 12. Ne2 {[%emt 0:01:56]} Bg4 {[%emt 0:00:13]} 13. f3 {[%emt 0:02:31]} Bh5 {[%emt 0:00:08]} 14. Bg5 {[%emt 0:00:28]} Bg6 {[%emt 0:04:21]} 15. f4 {[%emt 0:18:51]} Qd6 {[%emt 0:06:48]} 16. f5 {[%emt 0:17:57]} Bh5 {[%emt 0:00:06]} 17. Bf4 {[%emt 0:00:39]} Qd5 {[%emt 0:04:44]} 18. h3 {[%emt 0:02:49]} Bxe2 {[%emt 0:00:31]} 19. Qxe2 {[%emt 0:01:12]} Rfe8 {[%emt 0:00:21]} 20. Qf2 {[%emt 0:04:36]} Ne5 {[%emt 0:08:08]} 21. Bxe5 {[%emt 0:01:02]} Rxe5 {[%emt 0:00:40]} 22. a4 {[%emt 0:04:07]} Re3 {[%emt 0:04:28]} 23. Qh4 {[%emt 0:02:59]} h6 {[%emt 0:03:58]} 24. a5 {[%emt 0:01:09]} Rd8 {[%emt 0:04:25]} 25. a6 {[%emt 0:00:56]} b6 {[%emt 0:04:34]} 26. Ra4 {[%emt 0:01:23]} Qe5 {[%emt 0:06:20]} 27. Qf4 {[%emt 0:02:42]} Qd5 {[%emt 0:02:14]} 28. Rc4 {[%emt 0:06:58]} Nh5 {[%emt 0:04:56]} 29. Qg4 {[%emt 0:00:23]} Rg3 {[%emt 0:03:41]} 30. Qe4 {[%emt 0:00:08]} Qxe4 {[%emt 0:02:00]} 31. Bxe4 {[%emt 0:00:27]} Re3 {[%emt 0:00:33]} 32. Bd3 {[%emt 0:00:41]} Rd7 {[%emt 0:03:49]} 33. Rc8+ {[%emt 0:00:46]} Kh7 {[%emt 0:00:04]} 34. f6+ {[%emt 0:03:35]} g6 {[%emt 0:02:35]} 35. Bb5 {[%emt 0:00:22]} Rd5 {[%emt 0:04:00]} 36. Bc4 {[%emt 0:05:43]} Rf5 {[%emt 0:06:09]} 37. Rc7 {[%emt 0:01:52]} Rxf1+ {[%emt 0:01:15]} 38. Kxf1 {[%emt 0:00:40]} Ng3+ {[%emt 0:01:19]} 39. Kg1 {[%emt 0:00:08]} h5 {[%emt 0:01:53]} 40. Rxf7+ {[%emt 0:00:17]} Kh6 {[%emt 0:00:07]} 41. Re7 {[%emt 0:00:07]} Nf5 {[%emt 0:01:18]} 42. f7 {[%emt 0:01:18]} Rxe7 {[%emt 0:01:39]} 43. f8=Q+ {[%emt 0:00:14]} Kg5 {[%emt 0:00:04]} 44. Bd3 {[%emt 0:00:38]} Re1+ {[%emt 0:00:45]} 45. Kf2 {[%emt 0:00:09]} 1-0

[Event "3rd Sharjah Masters 2019"]
[Site "Sharjah"]
[Date "2019.03.29"]
[Round "8.34"]
[White "Pranav Vijay"]
[Black "Saurabh Anand"]
[Result "1-0"]
[WhiteElo "2265"]
[BlackElo "2385"]
[Annotator "NA"]
[PlyCount "106"]
[EventDate "2019.03.22"]
[EventType "swiss"]
[EventCountry "UAE"]
[SourceTitle "playchess.com"]
[Source "ChessBase"]
[SourceQuality "1"]
[TimeControl "5400+30"]

1. e4 {[%emt 0:00:00]} e5 {[%emt 0:00:46]} 2. Nf3 {[%emt 0:00:00]} Nc6 {[%emt 0:00:09]} 3. Bb5 {[%emt 0:00:00]} a6 {[%emt 0:00:06]} 4. Ba4 {[%emt 0:00:00]} Nf6 {[%emt 0:00:23]} 5. Bxc6 {[%emt 0:00:00]} dxc6 {[%emt 0:00:09]} 6. d3 {[%emt 0:00:00]} Nd7 {[%emt 0:00:37]} 7. Nbd2 {[%emt 0:00:18]} Bd6 {[%emt 0:04:37]} 8. O-O {[%emt 0:00:47]} O-O {[%emt 0:00:22]} 9. Nc4 {[%emt 0:00:50]} f6 {[%emt 0:03:56]} 10. c3 {[%emt 0:05:55]} Re8 {[%emt 0:03:24]} 11. Nh4 {[%emt 0:03:27]} Nf8 {[%emt 0:00:30]} 12. Qf3 {[%emt 0:01:52]} Be6 {[%emt 0:03:04]} 13. Nf5 {[%emt 0:02:11]} Ng6 {[%emt 0:06:09]} 14. Be3 {[%emt 0:02:33]} Ne7 {[%emt 0:01:56]} 15. Ng3 {[%emt 0:00:26]} b5 {[%emt 0:01:50]} 16. Nxd6 {[%emt 0:06:34]} cxd6 {[%emt 0:00:20]} 17. Nh5 {[%emt 0:04:07]} Bf7 {[%emt 0:12:29]} 18. Qg4 {[%emt 0:01:01]} Bxh5 {[%emt 0:00:53]} 19. Qxh5 {[%emt 0:00:07]} d5 {[%emt 0:00:11]} 20. Rad1 {[%emt 0:03:09]} Ng6 {[%emt 0:04:09]} 21. Qg4 {[%emt 0:02:17]} Qd6 {[%emt 0:07:17]} 22. d4 {[%emt 0:05:48]} dxe4 {[%emt 0:06:56]} 23. Qxe4 {[%emt 0:00:15]} Rad8 {[%emt 0:00:15]} 24. g3 {[%emt 0:13:33]} exd4 {[%emt 0:12:50]} 25. Qxd4 {[%emt 0:00:25]} Qxd4 {[%emt 0:00:17]} 26. Rxd4 {[%emt 0:00:37]} Ne5 {[%emt 0:00:10]} 27. Rxd8 {[%emt 0:02:58]} Rxd8 {[%emt 0:00:07]} 28. Kg2 {[%emt 0:02:25]} Nc4 {[%emt 0:02:43]} 29. Bc1 {[%emt 0:00:11]} Rd3 {[%emt 0:01:25]} 30. Re1 {[%emt 0:00:41]} Kf7 {[%emt 0:00:20]} 31. h3 {[%emt 0:00:46]} h5 {[%emt 0:05:37]} 32. Kf1 {[%emt 0:01:42]} h4 {[%emt 0:03:09]} 33. Ke2 {[%emt 0:00:33]} Rd5 {[%emt 0:00:21]} 34. Rf1 {[%emt 0:03:06]} Re5+ {[%emt 0:05:01]} 35. Kd3 {[%emt 0:01:55]} Rf5 {[%emt 0:03:51]} 36. gxh4 {[%emt 0:00:37]} Rf3+ {[%emt 0:03:16]} 37. Kd4 {[%emt 0:00:12]} Rxh3 {[%emt 0:00:06]} 38. Kc5 {[%emt 0:00:25]} Ne5 {[%emt 0:00:10]} 39. Kb6 {[%emt 0:03:58]} Rxh4 {[%emt 0:00:15]} 40. b3 {[%emt 0:00:04]} Rh3 {[%emt 0:02:56]} 41. Be3 {[%emt 0:00:40]} Ke6 {[%emt 0:05:20]} 42. Kxa6 {[%emt 0:01:32]} Kd5 {[%emt 0:01:49]} 43. Rd1+ {[%emt 0:01:06]} Ke4 {[%emt 0:00:08]} 44. a4 {[%emt 0:00:30]} bxa4 {[%emt 0:01:06]} 45. bxa4 {[%emt 0:00:02]} c5 {[%emt 0:00:13]} 46. Kb5 {[%emt 0:00:24]} f5 {[%emt 0:00:40]} 47. a5 {[%emt 0:01:33]} f4 {[%emt 0:00:02]} 48. Bxc5 {[%emt 0:01:31]} Rxc3 {[%emt 0:00:02]} 49. Rd4+ {[%emt 0:02:03]} Kf3 {[%emt 0:00:34]} 50. a6 {[%emt 0:00:19]} Nd3 {[%emt 0:00:04]} 51. Bd6 {[%emt 0:00:18]} Nxf2 {[%emt 0:01:12]} 52. a7 {[%emt 0:00:33]} Rc8 {[%emt 0:00:03]} 53. Bb8 {[%emt 0:00:05]} Rxb8+ {[%emt 0:00:18]} 1-0

[Event "3rd Sharjah Masters 2019"]
[Site "Sharjah"]
[Date "2019.03.29"]
[Round "8.35"]
[White "Sukandar, Irine Kharisma"]
[Black "Panda, Sambit"]
[Result "1-0"]
[WhiteElo "2381"]
[BlackElo "2218"]
[Annotator "NA"]
[PlyCount "71"]
[EventDate "2019.03.22"]
[EventType "swiss"]
[EventCountry "UAE"]
[SourceTitle "playchess.com"]
[Source "ChessBase"]
[SourceQuality "1"]
[TimeControl "5400+30"]

1. e4 {[%emt 0:00:00]} c6 {[%emt 0:00:35]} 2. d4 {[%emt 0:00:00]} d5 {[%emt 0:00:06]} 3. exd5 {[%emt 0:00:01]} cxd5 {[%emt 0:00:09]} 4. Bd3 {[%emt 0:00:11]} Nc6 {[%emt 0:00:08]} 5. c3 {[%emt 0:00:07]} Nf6 {[%emt 0:02:07]} 6. Bf4 {[%emt 0:00:38]} Bg4 {[%emt 0:00:47]} 7. Qb3 {[%emt 0:00:19]} Qd7 {[%emt 0:00:06]} 8. Nd2 {[%emt 0:00:22]} e6 {[%emt 0:00:35]} 9. Ngf3 {[%emt 0:00:21]} Bxf3 {[%emt 0:00:58]} 10. Nxf3 {[%emt 0:00:06]} Bd6 {[%emt 0:00:03]} 11. Bd2 {[%emt 0:00:37]} O-O {[%emt 0:00:15]} 12. Qc2 {[%emt 0:00:10]} Rac8 {[%emt 0:00:15]} 13. a3 {[%emt 0:00:21]} Na5 {[%emt 0:04:50]} 14. Bg5 {[%emt 0:06:25]} Ne4 {[%emt 0:01:45]} 15. Bxe4 {[%emt 0:05:19]} dxe4 {[%emt 0:00:34]} 16. Qxe4 {[%emt 0:00:09]} h6 {[%emt 0:01:17]} 17. Be3 {[%emt 0:11:36]} Qb5 {[%emt 0:10:10]} 18. Qc2 {[%emt 0:05:22]} Rfe8 {[%emt 0:50:54]} 19. a4 {[%emt 0:08:42]} Qc4 {[%emt 0:03:01]} 20. Qe2 {[%emt 0:01:48]} e5 {[%emt 0:02:38]} 21. Qxc4 {[%emt 0:11:16]} Nxc4 {[%emt 0:00:33]} 22. O-O-O {[%emt 0:00:28]} e4 {[%emt 0:05:39]} 23. Nd2 {[%emt 0:02:10]} Nb6 {[%emt 0:00:26]} 24. Kc2 {[%emt 0:04:29]} f5 {[%emt 0:07:36]} 25. g3 {[%emt 0:00:13]} g5 {[%emt 0:01:37]} 26. d5 {[%emt 0:08:06]} Nxa4 {[%emt 0:04:04]} 27. h4 {[%emt 0:01:04]} f4 {[%emt 0:01:02]} 28. gxf4 {[%emt 0:00:15]} gxf4 {[%emt 0:00:35]} 29. Bd4 {[%emt 0:00:22]} Nc5 {[%emt 0:01:03]} 30. Rhg1+ {[%emt 0:00:24]} Kf8 {[%emt 0:00:26]} 31. Rg6 {[%emt 0:00:19]} Be5 {[%emt 0:00:44]} 32. Bxc5+ {[%emt 0:00:23]} Kf7 {[%emt 0:00:26]} 33. h5 {[%emt 0:02:25]} Bf6 {[%emt 0:00:33]} 34. Nb3 {[%emt 0:00:38]} e3 {[%emt 0:00:21]} 35. fxe3 {[%emt 0:00:18]} fxe3 {[%emt 0:00:04]} 36. Rf1 {[%emt 0:00:15]} 1-0

[Event "3rd Sharjah Masters 2019"]
[Site "Sharjah"]
[Date "2019.03.29"]
[Round "8.36"]
[White "Fenil, Shah"]
[Black "Abdurakhmonov, Mukhammadali"]
[Result "1-0"]
[WhiteElo "2360"]
[BlackElo "2205"]
[Annotator "NA"]
[PlyCount "71"]
[EventDate "2019.03.22"]
[EventType "swiss"]
[EventCountry "UAE"]
[SourceTitle "playchess.com"]
[Source "ChessBase"]
[SourceQuality "1"]
[TimeControl "5400+30"]

1. d4 {[%emt 0:00:00]} g6 {[%emt 0:00:00]} 2. e4 {[%emt 0:00:00]} Bg7 {[%emt 0:00:00]} 3. Nc3 {[%emt 0:00:27]} d6 {[%emt 0:00:08]} 4. Bg5 {[%emt 0:02:25]} c6 {[%emt 0:05:43]} 5. Qd2 {[%emt 0:02:34]} Nd7 {[%emt 0:10:20]} 6. f4 {[%emt 0:03:28]} b5 {[%emt 0:01:47]} 7. Nf3 {[%emt 0:03:43]} Nb6 {[%emt 0:03:01]} 8. Bd3 {[%emt 0:04:18]} Nc4 {[%emt 0:06:01]} 9. Bxc4 {[%emt 0:11:36]} bxc4 {[%emt 0:00:07]} 10. O-O {[%emt 0:01:12]} Qb6 {[%emt 0:11:01]} 11. e5 {[%emt 0:05:37]} Bg4 {[%emt 0:14:27]} 12. Rae1 {[%emt 0:08:25]} O-O-O {[%emt 0:03:17]} 13. Qe3 {[%emt 0:09:44]} Nh6 {[%emt 0:20:25]} 14. Bxe7 {[%emt 0:07:49]} Rd7 {[%emt 0:07:00]} 15. Bxd6 {[%emt 0:15:05]} Nf5 {[%emt 0:00:12]} 16. Qf2 {[%emt 0:06:46]} Nxd6 {[%emt 0:00:40]} 17. Na4 {[%emt 0:02:57]} Qa5 {[%emt 0:03:23]} 18. Nc5 {[%emt 0:00:19]} Nb7 {[%emt 0:00:11]} 19. Nxd7 {[%emt 0:00:25]} Bxd7 {[%emt 0:00:09]} 20. Ng5 {[%emt 0:02:25]} Qd5 {[%emt 0:01:33]} 21. b3 {[%emt 0:01:24]} Bf5 {[%emt 0:02:01]} 22. bxc4 {[%emt 0:02:06]} Qxc4 {[%emt 0:00:02]} 23. d5 {[%emt 0:00:01]} Qxd5 {[%emt 0:00:22]} 24. Qxa7 {[%emt 0:01:54]} h6 {[%emt 0:00:04]} 25. Rd1 {[%emt 0:00:10]} Qc5+ {[%emt 0:05:09]} 26. Qxc5 {[%emt 0:00:04]} Nxc5 {[%emt 0:00:02]} 27. Nxf7 {[%emt 0:00:02]} Rf8 {[%emt 0:00:01]} 28. Nd6+ {[%emt 0:00:17]} Kc7 {[%emt 0:00:00]} 29. Rd4 {[%emt 0:03:41]} Be6 {[%emt 0:00:40]} 30. Rf3 {[%emt 0:00:37]} Bd5 {[%emt 0:04:26]} 31. Ra3 {[%emt 0:00:26]} Ne6 {[%emt 0:02:42]} 32. Rb4 {[%emt 0:00:43]} c5 {[%emt 0:00:11]} 33. Ra7+ {[%emt 0:00:28]} Kc6 {[%emt 0:00:09]} 34. Rbb7 {[%emt 0:01:24]} c4 {[%emt 0:00:14]} 35. c3 {[%emt 0:01:06]} Nc5 {[%emt 0:01:11]} 36. Rxg7 {[%emt 0:00:47]} 1-0

[Event "3rd Sharjah Masters 2019"]
[Site "Sharjah"]
[Date "2019.03.29"]
[Round "8.37"]
[White "Ahmed, Fareed"]
[Black "Pranav Anand"]
[Result "0-1"]
[WhiteElo "1950"]
[BlackElo "2359"]
[Annotator "NA"]
[PlyCount "82"]
[EventDate "2019.03.22"]
[EventType "swiss"]
[EventCountry "UAE"]
[SourceTitle "playchess.com"]
[Source "ChessBase"]
[SourceQuality "1"]
[TimeControl "5400+30"]

1. e4 {[%emt 0:05:31]} e5 {[%emt 0:00:00]} 2. Nf3 {[%emt 0:00:07]} Nc6 {[%emt 0:00:00]} 3. Bb5 {[%emt 0:00:06]} a6 {[%emt 0:00:00]} 4. Ba4 {[%emt 0:00:05]} Nf6 {[%emt 0:00:00]} 5. O-O {[%emt 0:00:04]} Be7 {[%emt 0:00:00]} 6. Re1 {[%emt 0:00:07]} b5 {[%emt 0:00:03]} 7. Bb3 {[%emt 0:00:06]} d6 {[%emt 0:00:04]} 8. c3 {[%emt 0:00:06]} O-O {[%emt 0:00:04]} 9. d4 {[%emt 0:00:03]} Bg4 {[%emt 0:00:05]} 10. Be3 {[%emt 0:00:03]} exd4 {[%emt 0:00:06]} 11. cxd4 {[%emt 0:00:10]} d5 {[%emt 0:00:07]} 12. e5 {[%emt 0:00:05]} Ne4 {[%emt 0:00:04]} 13. Nc3 {[%emt 0:00:04]} Nxc3 {[%emt 0:00:39]} 14. bxc3 {[%emt 0:00:03]} Na5 {[%emt 0:00:06]} 15. h3 {[%emt 0:03:53]} Bh5 {[%emt 0:02:45]} 16. g4 {[%emt 0:01:01]} Bg6 {[%emt 0:01:57]} 17. Nd2 {[%emt 0:00:11]} b4 {[%emt 0:10:01]} 18. cxb4 {[%emt 0:39:49]} Bxb4 {[%emt 0:00:25]} 19. f4 {[%emt 0:00:03]} Nxb3 {[%emt 0:12:37]} 20. axb3 {[%emt 0:00:13]} Bd3 {[%emt 0:02:04]} 21. f5 {[%emt 0:02:57]} c5 {[%emt 0:07:38]} 22. dxc5 {[%emt 0:08:21]} d4 {[%emt 0:01:09]} 23. Bf2 {[%emt 0:07:03]} Qd5 {[%emt 0:02:19]} 24. Qf3 {[%emt 0:00:25]} Qxf3 {[%emt 0:05:18]} 25. Nxf3 {[%emt 0:00:20]} Bxe1 {[%emt 0:00:09]} 26. Rxe1 {[%emt 0:00:25]} Rac8 {[%emt 0:02:52]} 27. Bxd4 {[%emt 0:15:37]} Rb8 {[%emt 0:00:43]} 28. e6 {[%emt 0:08:20]} f6 {[%emt 0:01:44]} 29. e7 {[%emt 0:04:57]} Rfe8 {[%emt 0:00:54]} 30. c6 {[%emt 0:00:02]} Rxb3 {[%emt 0:08:27]} 31. c7 {[%emt 0:03:46]} Kf7 {[%emt 0:00:34]} 32. Bc5 {[%emt 0:01:00]} Rc3 {[%emt 0:00:21]} 33. Bd6 {[%emt 0:00:44]} Rc6 {[%emt 0:00:34]} 34. Re6 {[%emt 0:00:38]} Bc4 {[%emt 0:08:58]} 35. Nd4 {[%emt 0:00:10]} Rb6 {[%emt 0:00:16]} 36. Bc5 {[%emt 0:00:53]} Bxe6 {[%emt 0:07:00]} 37. Bxb6 {[%emt 0:00:11]} Bd7 {[%emt 0:00:14]} 38. Bc5 {[%emt 0:00:27]} Rxe7 {[%emt 0:00:57]} 39. Bxe7 {[%emt 0:00:31]} Kxe7 {[%emt 0:00:01]} 40. Nc6+ {[%emt 0:00:50]} Kd6 {[%emt 0:00:14]} 41. Nb8 {[%emt 0:00:28]} Bc8 {[%emt 0:00:11]} 0-1

[Event "3rd Sharjah Masters 2019"]
[Site "Sharjah"]
[Date "2019.03.29"]
[Round "8.38"]
[White "Sidhant, Mohapatra"]
[Black "Gokhale, Chandrashekhar"]
[Result "1/2-1/2"]
[WhiteElo "2348"]
[BlackElo "2185"]
[Annotator "NA"]
[PlyCount "102"]
[EventDate "2019.03.22"]
[EventType "swiss"]
[EventCountry "UAE"]
[SourceTitle "playchess.com"]
[Source "ChessBase"]
[SourceQuality "1"]
[TimeControl "5400+30"]

1. e4 {[%emt 0:00:00]} d6 {[%emt 0:00:11]} 2. d4 {[%emt 0:00:18]} Nf6 {[%emt 0:00:07]} 3. Nc3 {[%emt 0:00:07]} e5 {[%emt 0:00:09]} 4. Nge2 {[%emt 0:01:22]} Nbd7 {[%emt 0:02:48]} 5. g3 {[%emt 0:00:33]} g6 {[%emt 0:00:55]} 6. Bg2 {[%emt 0:00:12]} Bg7 {[%emt 0:00:08]} 7. O-O {[%emt 0:01:06]} O-O {[%emt 0:00:29]} 8. dxe5 {[%emt 0:03:09]} dxe5 {[%emt 0:00:30]} 9. h3 {[%emt 0:00:09]} c6 {[%emt 0:04:08]} 10. Qd6 {[%emt 0:01:17]} Re8 {[%emt 0:00:39]} 11. Be3 {[%emt 0:00:33]} Bf8 {[%emt 0:07:12]} 12. Qd2 {[%emt 0:00:06]} Nb6 {[%emt 0:10:04]} 13. Qxd8 {[%emt 0:00:38]} Rxd8 {[%emt 0:00:02]} 14. b3 {[%emt 0:00:13]} Nfd7 {[%emt 0:03:33]} 15. Rad1 {[%emt 0:06:08]} Re8 {[%emt 0:01:22]} 16. a4 {[%emt 0:00:06]} a5 {[%emt 0:00:28]} 17. Nc1 {[%emt 0:00:08]} Nc5 {[%emt 0:09:33]} 18. Nd3 {[%emt 0:00:39]} Nxd3 {[%emt 0:01:05]} 19. Rxd3 {[%emt 0:02:21]} Nd7 {[%emt 0:00:25]} 20. Rfd1 {[%emt 0:03:31]} Nc5 {[%emt 0:00:34]} 21. R3d2 {[%emt 0:01:24]} Ne6 {[%emt 0:03:59]} 22. f4 {[%emt 0:12:37]} exf4 {[%emt 0:07:41]} 23. gxf4 {[%emt 0:00:21]} Bc5 {[%emt 0:00:06]} 24. Kf2 {[%emt 0:08:12]} f5 {[%emt 0:04:11]} 25. Bxc5 {[%emt 0:16:26]} Nxc5 {[%emt 0:00:08]} 26. e5 {[%emt 0:00:23]} Be6 {[%emt 0:01:12]} 27. h4 {[%emt 0:00:19]} Kf7 {[%emt 0:01:02]} 28. Ke3 {[%emt 0:01:18]} Ke7 {[%emt 0:00:22]} 29. Ne2 {[%emt 0:10:28]} Rad8 {[%emt 0:03:56]} 30. Rxd8 {[%emt 0:01:44]} Rxd8 {[%emt 0:00:01]} 31. Rxd8 {[%emt 0:00:09]} Kxd8 {[%emt 0:00:04]} 32. Nd4 {[%emt 0:00:06]} Bf7 {[%emt 0:04:08]} 33. h5 {[%emt 0:02:07]} Ke7 {[%emt 0:01:44]} 34. h6 {[%emt 0:01:08]} Na6 {[%emt 0:02:00]} 35. Kd2 {[%emt 0:08:14]} Nb4 {[%emt 0:01:13]} 36. c4 {[%emt 0:02:09]} Na6 {[%emt 0:00:46]} 37. Nf3 {[%emt 0:00:49]} Nc5 {[%emt 0:03:32]} 38. Ng5 {[%emt 0:00:05]} Ne6 {[%emt 0:10:45]} 39. Nxh7 {[%emt 0:01:30]} Nxf4 {[%emt 0:00:07]} 40. Ng5 {[%emt 0:00:13]} Bg8 {[%emt 0:00:14]} 41. Bf1 {[%emt 0:01:33]} Ne6 {[%emt 0:00:47]} 42. h7 {[%emt 0:00:08]} Bxh7 {[%emt 0:00:05]} 43. Nxh7 {[%emt 0:00:03]} Nc5 {[%emt 0:00:34]} 44. Kc2 {[%emt 0:00:12]} Ke6 {[%emt 0:00:19]} 45. Bg2 {[%emt 0:01:26]} Kxe5 {[%emt 0:00:09]} 46. Kc3 {[%emt 0:00:55]} Ne6 {[%emt 0:00:51]} 47. b4 {[%emt 0:00:57]} axb4+ {[%emt 0:02:31]} 48. Kxb4 {[%emt 0:00:01]} g5 {[%emt 0:00:12]} 49. Nxg5 {[%emt 0:00:57]} Nxg5 {[%emt 0:00:07]} 50. Kc5 {[%emt 0:00:03]} Ne4+ {[%emt 0:04:18]} 51. Kb6 {[%emt 0:00:07]} Kd4 {[%emt 0:00:07] Kxc6 bxc6} 1/2-1/2

[Event "3rd Sharjah Masters 2019"]
[Site "Sharjah"]
[Date "2019.03.29"]
[Round "8.39"]
[White "Nasanjargal, Urtnasan"]
[Black "Kumar, Gaurav"]
[Result "1-0"]
[WhiteElo "2503"]
[BlackElo "2074"]
[Annotator "TA"]
[PlyCount "81"]
[EventDate "2019.03.22"]
[EventType "swiss"]
[EventCountry "UAE"]
[SourceTitle "playchess.com"]
[Source "ChessBase"]
[SourceQuality "1"]

{[%evp 22,81,0,0,49,54,249,246,258,258,254,261,256,249,288,304,297,304,302,292,325,325,323,316,311,315,314,313,310,311,320,315,317,309,300,284,351,331,344,338,430,334,825,825,670,643,1278,1267,1360,1144,722,696,5593,5593,29978,29979,29978,29980,29980,29981,29981,29981]} 1. d4 Nf6 2. c4 e6 3. g3 d5 4. Nf3 dxc4 5. Bg2 Nc6 6. Qa4 Bb4+ 7. Bd2 Nd5 {[%cal Bf6d5,Bd5b4,Bb4c2][%mdl 32]} 8. Bxb4 Ndxb4 9. a3 b5 10. Qxb5 Nc2+ {E04: Open Catalan: 5 Nf3} 11. Kf1 Bd7 12. Ra2 {LiveBook: 5 Games} N6xd4 {The position is equal.} 13. Qc5 {[#]} Bc6 $146 {[#]} ({Black should play} 13... Qe7 $14 14. Qxe7+ Kxe7) ({Predecessor:} 13... Nf5 14. Ne5 Rb8 15. Nc3 Rb6 16. e3 Ba4 17. Be4 Nd6 18. Bxc2 Bxc2 {0-1 (35) Karpov,A (2693)-Van Wely,L (2697) Dubai 2002}) 14. Nxd4 $18 Bxg2+ 15. Kxg2 Qxd4 16. Qc6+ Ke7 17. Rc1 (17. Qxc7+ Kf6 $11) 17... Rhd8 18. Rxc2 Qd1 19. Qxc4 ({Weaker is} 19. Qxc7+ Kf8 $16) 19... Qxb1 20. Qb4+ Ke8 {[#]} 21. Rxc7 $1 {[%csl Gc7][%cal Rb4e7][%mdl 512]} Rd7 22. Rxd7 Kxd7 {[%mdl 4096] Endgame KQR-KQR} 23. Qb7+ Kd6 24. Qxa8 Qxa2 {KQ-KQ} 25. Qf8+ ({Resist} 25. Qxa7 Qxb2 26. Qxf7 Qxe2 $18) 25... Kc6 26. Qxg7 ({Don't take} 26. Qxf7 Qd5+ 27. f3 Qe5 $18) 26... Qd5+ 27. f3 Qc4 28. Qe5 a5 29. Kf2 a4 30. h4 {[%cal Bh2h4,Bh4h5][%mdl 32]} Kb6 31. h5 f6 $2 (31... Kc6 32. Ke3 Qc1+ 33. Kd3 Qd1+ 34. Kc3 Qb3+ 35. Kd2 Kd7 36. Qd4+ Ke7 37. Qb4+ Qxb4+ 38. axb4 Kd7) 32. Qxf6 Qc5+ 33. Kg2 Qe3 34. Qd8+ Kc5 35. Qa5+ Kd6 36. Qb4+ Kd5 37. Qb5+ Kd6 38. Qd3+ {White mates.} Qxd3 39. exd3 Ke5 40. Kf2 Kd4 41. Ke2 {Precision: White = 89%, Black = 30%.} 1-0